LEADER 00610nam0-22002411i-450- 001 990001131730403321 035 $a000113173 035 $aFED01000113173 035 $a(Aleph)000113173FED01 035 $a000113173 100 $a20000920d1930----km-y0itay50------ba 101 0 $aeng 200 1 $aElementargeometrie$fby Beck 210 $aLeipzig$cs.e.$d1930 700 1$aBeck,$bHans$054352 801 0$aIT$bUNINA$gRICA$2UNIMARC 901 $aBK 912 $a990001131730403321 952 $a207-G-9$b1 fila 0411$fMA1 959 $aMA1 996 $aElementargeometrie$9341742 997 $aUNINA DB $aING01 LEADER 00971nam 2200349 450 001 9910317788203321 005 20221012161952.0 010 $a1-83881-771-9 010 $a1-78923-683-5 035 $a(CKB)4970000000100202 035 $a(NjHacI)994970000000100202 035 $a(EXLCZ)994970000000100202 100 $a20221012d2018 uy 0 101 0 $aeng 135 $aur||||||||||| 181 $ctxt$2rdacontent 182 $cc$2rdamedia 183 $acr$2rdacarrier 200 00$aShape-Memory Materials /$fedited by Alicia Esther Ares 210 1$aLondon, England :$cIntechOpen,$d2018. 215 $a1 online resource (120 pages) 311 $a1-78923-682-7 606 $aShape memory polymers 615 0$aShape memory polymers. 676 $a620.1125 702 $aAres$b Alicia Esther 801 0$bNjHacI 801 1$bNjHacl 906 $aBOOK 912 $a9910317788203321 996 $aShape-Memory Materials$92087639 997 $aUNINA